عرض عادي
عرض مارك
- Martini, Frederic.
مدخل إسم شخص
001 - رقم الضبط
- حقل الضبط: 10616
003 - معرف رقم الضبط
- حقل الضبط: OSt
005 - تاريخ ووقت أخر عملية
- حقل الضبط: 20120410173020.0
008 - عناصر بيانات ثابتة الطول
- حقل تحكم ثابت الطول: 120410|||a|||||| | ||| d
040 ## - مصدر الفهرسة
- هيئة الفهرسة الأصلية: OSt
- وكالة الكتابة: OSt
100 ## - مدخل -- أسم شخص
- إسم شخص: Martini, Frederic.
670 ## - بيانات المصدر موجوده
- الاستشهاد بالمصدر: Work cat.: (OSt)0: Martini, Frederic., Martini's atlas of the human body /, c2012.
